New knowledge : Research and development in the muslim world

Bibliographic Details
Main Author: Abu Bakar Abdul Majeed
Other Authors: Shaikh Mohd Saifudeen Shaikh Mohd Salleh
Format: Book
Published: Kuala Lumpur : Institute of islam understanding Malaysia , 2004
Subjects:

MARC

LEADER 00000cam a2200000 7i4500
001 0000015817
005 20050920.0
020 |a 9839099922 
040 |a INS 
090 0 0 |a DS36.85   |b A165 2004 
100 0 |a Abu Bakar Abdul Majeed 
245 1 0 |a New knowledge :   |b Research and development in the muslim world   |c Abu Bakar Abdul Majeed 
260 |a Kuala Lumpur :   |b Institute of islam understanding Malaysia ,   |c 2004 
300 |a xivIb196p ;   |c 23cm. 
650 0 0 |a Civilization islamic   |x Congresses 
650 0 0 |a Technology   |x Social aspect- islam countries congresses 
700 0 |a Shaikh Mohd Saifudeen Shaikh Mohd Salleh 
999 |a 0000015811   |b BOOK   |c Open Shelf   |e Default branch